000 00471nam a2200181Ia 4500
008 230711s9999||||xx |||||||||||||| ||und||
020 _a978-1-25-900631-9
041 _aENG
082 _a530.142
_bGH-E
100 _aGhosh S P
245 0 _aElectromagnetic field theory
250 _a3rdEd.
260 _c2015
_aNew Delhi
_bMcGraw Hill Education(India) Private Limited
300 _a727p.
650 _aElectrical Engineering
700 _aDatta,Lipika
942 _cBK
999 _c5997
_d5997